[Event "ch-ISR 2016"]
[Site "Tiberias ISR"]
[Date "2016.12.10"]
[Round "6.14"]
[White "Aharon, Ofir"]
[Black "Taichman, Ori"]
[Result "1/2-1/2"]
[WhiteTitle "FM"]
[WhiteElo "2339"]
[BlackElo "2291"]
[WhiteFideId "2800683"]
[BlackFideId "2804069"]
[EventDate "2016.12.05"]

1. e4 c5 2. Nf3 Nc6 3. Bb5 d6 4. O-O Bd7 5. Re1 Nf6 6. c3 a6 7. Bc4 b5 8. Bf1
Bg4 9. d4 Bxf3 10. gxf3 e5 11. a4 b4 12. d5 Na5 13. f4 Nd7 14. fxe5 dxe5 15. Nd2
Bd6 16. Re3 g6 17. Rh3 f6 18. Be2 Nf8 19. Nf1 h5 20. Be3 Rg8 21. Ng3 bxc3 22.
bxc3 h4 23. Nf1 f5 24. Bc1 Ra7 25. Kh1 c4 26. exf5 gxf5 27. Bh5+ Kd7 28. Bf7 Rg7
29. Qh5 Qf6 30. Be8+ Kd8 31. Be3 Rh7 32. Bxa7 Rxh5 33. Bxh5 Nd7 34. Be2 Kc7 35.
Rb1 Qh8 36. f3 Be7 37. Ne3 Bc5 38. Bxc5 Nxc5 39. Nxf5 Qh7 40. Rxh4 Qxf5 41. Rg1
Nxa4 42. Rh6 Qf8 43. Rgg6 Nxc3 44. Rh7+ Kb8 45. Rb6+ Kc8 46. Rxa6 Kb8 47. Rb6+
Kc8 48. d6 Qd8 49. Ra6 Kb8 50. Rha7 Qh4 51. Ra8+ Kb7 52. R8a7+ Kb8 53. Ra8+ Kb7
54. R8a7+ Kb8 55. Ra8+ 1/2-1/2

[Event "ch-ISR 2016"]
[Site "Tiberias ISR"]
[Date "2016.12.10"]
[Round "6.15"]
[White "Parkhov, Yair"]
[Black "Kraus, Yair"]
[Result "1-0"]
[WhiteElo "2207"]
[BlackElo "2218"]
[WhiteFideId "2813408"]
[BlackFideId "2804786"]
[EventDate "2016.12.05"]

1. d4 Nf6 2. c4 c5 3. Nf3 cxd4 4. Nxd4 b6 5. Nc3 Bb7 6. f3 a6 7. e4 d6 8. Bd3 e6
9. O-O Be7 10. Be3 O-O 11. f4 Nbd7 12. b4 Re8 13. a3 Rc8 14. Rc1 Qc7 15. Nb3 Qb8
16. Nd2 Qa8 17. Qf3 d5 18. cxd5 exd5 19. exd5 Nxd5 20. Nxd5 Bxd5 21. Qh3 Nf8 22.
Bxb6 Rxc1 23. Rxc1 Qb8 24. Be3 a5 25. bxa5 Bxa3 26. Re1 Bc5 27. Nf1 Qxf4 28.
Bxc5 Rxe1 29. Qc8 1-0

[Event "ch-ISR 2016"]
[Site "Tiberias ISR"]
[Date "2016.12.11"]
[Round "7.1"]
[White "Nabaty, Tamir"]
[Black "Givon, Asaf"]
[Result "1/2-1/2"]
[WhiteTitle "GM"]
[BlackTitle "IM"]
[WhiteElo "2649"]
[BlackElo "2471"]
[WhiteFideId "2809052"]
[BlackFideId "2801841"]
[EventDate "2016.12.05"]

1. Nf3 c5 2. c4 Nf6 3. Nc3 e6 4. g3 b6 5. Bg2 Bb7 6. O-O Be7 7. d4 cxd4 8. Qxd4
d6 9. Bg5 O-O 10. Rfd1 Nc6 11. Qf4 Qb8 12. Nb5 Ne5 13. Bxf6 Bxf6 14. Nxd6 Nxf3+
15. Bxf3 Bxf3 16. Qxf3 Bxb2 17. Rab1 Be5 18. c5 Qc7 19. Qe4 Qxc5 20. Rbc1 Bxd6
21. Rxc5 Bxc5 22. Rd7 a5 23. Qd3 Rfe8 24. Qf3 Rf8 25. Rxf7 Bxf2+ 26. Kg2 Bc5 27.
Rf4 Rxf4 28. gxf4 Rf8 29. h4 Rf6 30. Qa8+ Kf7 31. Qb7+ Kg8 32. Qc8+ Kf7 33. Kf3
Rh6 34. Qc7+ Be7 35. a4 Rxh4 36. Qxb6 Rh3+ 37. Kg2 Rh5 38. e4 Rc5 39. Qb3 g6 40.
Qb8 h5 41. e5 Rc2+ 42. Kf3 Rc3+ 43. Ke2 h4 44. Qh8 Rg3 45. Kf1 Rg4 46. Qh7+ Ke8
47. Ke2 Kd7 48. Qh8 Rxf4 49. Qb8 Bb4 50. Qb7+ Kd8 51. Qg7 Rf5 52. Qh8+ Kd7 53.
Qxh4 Rxe5+ 54. Kf3 g5 1/2-1/2

[Event "ch-ISR 2016"]
[Site "Tiberias ISR"]
[Date "2016.12.11"]
[Round "7.2"]
[White "Boruchovsky, Avital"]
[Black "Postny, Evgeny"]
[Result "1/2-1/2"]
[WhiteTitle "GM"]
[BlackTitle "GM"]
[WhiteElo "2530"]
[BlackElo "2620"]
[WhiteFideId "2800055"]
[BlackFideId "2804344"]
[EventDate "2016.12.05"]

1. e4 c6 2. c4 d5 3. exd5 cxd5 4. cxd5 Nf6 5. Nc3 Nxd5 6. Nf3 Nc6 7. Bb5 e6 8.
O-O Be7 9. d4 O-O 10. Re1 Nf6 11. Bg5 h6 12. Bh4 Bd7 13. Qe2 Nb4 14. Bc4 Bc6 15.
Rad1 Nbd5 16. Ne5 Nf4 17. Qc2 Bxg2 18. Bg3 N6h5 19. Qb3 Bg5 20. d5 exd5 21. Nxd5
Bxd5 22. Bxd5 Nxd5 23. Rxd5 Qb6 24. Rb5 Qe6 25. Qxe6 fxe6 26. Rxb7 Rad8 27. Nc4
Rf7 28. Rxf7 Kxf7 29. Re5 Nxg3 30. hxg3 Rd5 31. Rxd5 exd5 32. Ne5+ Ke6 33. Nc6
a6 34. b4 Bd2 35. a3 Kd6 36. Nd4 Bc3 37. Nb3 Kc6 38. Kf1 Kb5 39. Nc5 a5 40. Ke2
axb4 41. axb4 Kxb4 42. Nd7 Kc4 43. g4 Bf6 44. f3 Kb5 45. Kd3 Kc6 46. Nf8 g5 47.
Ng6 Kd6 48. f4 Ke6 49. f5+ Kd6 50. Ke3 Bg7 51. Kd3 Kd7 52. Ke3 Ke8 53. Kd3 Kf7
54. Ke3 Bf6 55. Kd3 Bb2 56. Kc2 Ba1 57. Kd3 Bg7 58. Ke3 Bb2 59. Kd3 Kf6 60. Nf8
Ke5 61. Ng6+ Kd6 62. Ke3 Kd7 63. Kd3 Ke8 64. Kc2 Ba1 65. Kd3 Kf7 66. Ke3 Bb2 67.
Kd3 h5 68. gxh5 Kf6 69. h6 Kxf5 70. Ne7+ Ke6 71. Nc6 Bf6 72. h7 Kf7 73. Nb4 Ke6
74. Ke3 Bg7 75. Kf3 d4 76. Ke4 Kf7 77. Nc2 Kg6 78. Nxd4 Bxd4 79. Kxd4 Kxh7 80.
Ke4 Kg6 81. Kf3 Kh5 82. Kg3 1/2-1/2

[Event "ch-ISR 2016"]
[Site "Tiberias ISR"]
[Date "2016.12.11"]
[Round "7.3"]
[White "Baron, Tal"]
[Black "Dvoirys, Semen I."]
[Result "1-0"]
[WhiteTitle "GM"]
[BlackTitle "GM"]
[WhiteElo "2536"]
[BlackElo "2534"]
[WhiteFideId "2809958"]
[BlackFideId "4100379"]
[EventDate "2016.12.05"]

1. e4 c5 2. Nf3 d6 3. d4 cxd4 4. Nxd4 Nf6 5. Nc3 a6 6. Bg5 e6 7. f4 Qb6 8. Qd2
Qxb2 9. Rb1 Qa3 10. e5 dxe5 11. fxe5 Nfd7 12. Ne4 Qxa2 13. Rd1 h6 14. Bh4 Qb2
15. Qe3 Qb6 16. Be2 Nc6 17. Bh5 Bc5 18. Nxe6 Qb4+ 19. c3 Bxe3 20. cxb4 g5 21.
Bg3 Ke7 22. Nc7 Nb6 23. e6 Bf4 24. exf7 Bxg3+ 25. hxg3 Rb8 26. O-O Nc4 27. f8=Q+ 1-0

[Event "ch-ISR 2016"]
[Site "Tiberias ISR"]
[Date "2016.12.11"]
[Round "7.4"]
[White "Roiz, Michael"]
[Black "Shachar, Ehud"]
[Result "1-0"]
[WhiteTitle "GM"]
[BlackTitle "FM"]
[WhiteElo "2608"]
[BlackElo "2356"]
[WhiteFideId "2804158"]
[BlackFideId "2802198"]
[EventDate "2016.12.05"]

1. Nf3 e6 2. c4 f5 3. g3 Nf6 4. Bg2 Be7 5. O-O O-O 6. Nc3 d5 7. cxd5 exd5 8. e3
c6 9. b3 Ne4 10. Bb2 Bf6 11. Qc2 Nd7 12. Ne2 Bxb2 13. Qxb2 Ndf6 14. d3 Nd6 15.
b4 Bd7 16. Rfc1 Qe7 17. Ned4 Rac8 18. Rc2 Ng4 19. a4 a6 20. Rac1 Rcd8 21. Rc5
Kh8 22. R5c2 Ne5 23. Qc3 Nxf3+ 24. Bxf3 Qf6 25. h4 Rfe8 26. Nb3 Qg6 27. Bg2 Bc8
28. Nd4 Bd7 29. Nf3 Nf7 30. Qd4 Nd6 31. Kh2 Bc8 32. Qc3 Bd7 33. Bf1 Rf8 34. Qb2
Qe6 35. Ne5 Nf7 36. Nxd7 Rxd7 37. b5 axb5 38. axb5 Nd8 39. Bg2 Rd6 40. Qd4 h6
41. Ra2 Kh7 42. Ra8 Rf7 43. Rb1 Qf6 44. Qxf6 Rfxf6 45. bxc6 bxc6 46. Rbb8 Rf8
47. h5 Kg8 48. d4 Kf7 49. Bh3 Kf6 50. f4 Re8 51. Kg2 Rf8 52. Kf2 Re8 53. Rc8 Rf8
54. Bf1 Ke7 55. Rc7+ Kf6 56. Rcc8 Ke7 57. Bd3 Rd7 58. Bc2 Rf6 59. Ke2 Rf8 60.
Kd2 Rf6 61. Ke1 Rf8 62. Kf2 Rf6 63. Ba4 Rfd6 64. Ra6 Rb7 65. Bxc6 Rb2+ 66. Kf3
Rh2 67. Rc7+ Kf6 68. Bb5 Rxa6 69. Bxa6 Rxh5 70. Kg2 g5 71. Rd7 Ne6 72. Rd6 1-0

[Event "ch-ISR 2016"]
[Site "Tiberias ISR"]
[Date "2016.12.11"]
[Round "7.5"]
[White "Drori, Saar"]
[Black "Golod, Vitali"]
[Result "0-1"]
[WhiteTitle "FM"]
[BlackTitle "GM"]
[WhiteElo "2318"]
[BlackElo "2549"]
[WhiteFideId "2812444"]
[BlackFideId "2804140"]
[EventDate "2016.12.05"]

1. e4 c5 2. Nf3 a6 3. d4 cxd4 4. Nxd4 Nf6 5. Nc3 e5 6. Nf3 Bb4 7. Bd2 O-O 8. Bc4
d6 9. Nd5 Bxd2+ 10. Nxd2 Be6 11. Nxf6+ Qxf6 12. O-O Nc6 13. c3 Rad8 14. Qe2 d5
15. exd5 Bxd5 16. Bxd5 Rxd5 17. Nc4 Rfd8 18. Rfd1 Qe6 19. b3 e4 20. Rxd5 Qxd5
21. Qc2 Qd3 22. Qxd3 Rxd3 23. Rc1 f5 24. a4 b5 25. axb5 axb5 26. Na3 b4 27. cxb4
Nxb4 28. Nc4 Rxb3 29. g4 Nd3 30. Rd1 fxg4 31. Nd2 Nxf2 32. Kxf2 e3+ 33. Kg1 Rd3
34. Re1 exd2 35. Rd1 Kf7 36. Kf2 Kg6 0-1

[Event "ch-ISR 2016"]
[Site "Tiberias ISR"]
[Date "2016.12.11"]
[Round "7.6"]
[White "Reshef, Omer"]
[Black "Mikhalevski, Victor"]
[Result "1/2-1/2"]
[WhiteTitle "IM"]
[BlackTitle "GM"]
[WhiteElo "2435"]
[BlackElo "2503"]
[WhiteFideId "2804336"]
[BlackFideId "2801914"]
[EventDate "2016.12.05"]

1. e4 c5 2. Nf3 d6 3. d4 cxd4 4. Nxd4 Nf6 5. Nc3 g6 6. Be3 Bg7 7. f3 Nc6 8. Qd2
O-O 9. g4 Be6 10. Nxe6 fxe6 11. h4 d5 12. exd5 Nxd5 13. Nxd5 Qxd5 14. Qxd5 exd5
15. c3 Rxf3 16. Ke2 Rff8 17. Rd1 Rad8 18. Bg2 e6 19. h5 Ne5 20. h6 Bh8 21. Bxa7
Nxg4 22. Rh4 Ne5 23. Rb4 Rf7 24. Be3 Re8 25. a4 Nc4 26. Bc1 Be5 27. Rf1 Rc7 28.
Kd3 Rf8 29. Rxf8+ Kxf8 30. b3 Na5 31. Bd2 Ke7 32. Rb5 Nc6 33. Be3 Kf6 34. c4
dxc4+ 35. bxc4 Rd7+ 36. Ke4 Bd4 37. Bg5+ Kf7 38. Rb1 Bc5 39. Rf1+ Ke8 40. Rf6
Be7 41. Rxe6 Kf7 42. Be3 Rd1 43. Bh3 Ra1 44. Kf3 Bf6 45. Rd6 Ne5+ 46. Ke4 Re1
47. Kf4 Be7 48. Rb6 g5+ 49. Kf5 Rxe3 50. Bg2 Nf3 51. Kg4 Nh2+ 52. Kf5 Nf3 53.
Kg4 Ne5+ 54. Kf5 Nc6 55. Bd5+ Kf8 56. Rxb7 Nd4+ 57. Kg4 Ke8 58. a5 Ra3 59. Ra7
Ra1 60. a6 Rg1+ 61. Kh3 Bd6 62. Rxh7 Nf5 63. Rg7 Ne3 64. Rg6 Rg3+ 65. Kh2 Ng4+
66. Kh1 Nf2+ 67. Kh2 Ng4+ 68. Kh1 Bf4 69. Bg2 Ra3 70. Bd5 Ne3 71. Re6+ Kf8 72.
Kg1 Nxd5 73. cxd5 Kg8 74. d6 Rxa6 75. d7 Ra1+ 76. Kg2 Rd1 77. Re8+ Kh7 78. d8=Q
Rxd8 79. Rxd8 Kxh6 1/2-1/2

[Event "ch-ISR 2016"]
[Site "Tiberias ISR"]
[Date "2016.12.11"]
[Round "7.7"]
[White "Soffer, Ram"]
[Black "Kobo, Ori"]
[Result "1/2-1/2"]
[WhiteTitle "GM"]
[BlackTitle "IM"]
[WhiteElo "2488"]
[BlackElo "2480"]
[WhiteFideId "2800101"]
[BlackFideId "2812320"]
[EventDate "2016.12.05"]

1. d4 Nf6 2. c4 e6 3. Nc3 Bb4 4. Qc2 b6 5. e4 c5 6. d5 Qe7 7. Ne2 exd5 8. exd5
O-O 9. Bg5 h6 10. Bh4 d6 11. O-O-O Nbd7 12. f4 a6 13. h3 b5 14. g4 Qe3+ 15. Qd2
Qxd2+ 16. Rxd2 bxc4 17. Ng3 Bxc3 18. bxc3 Bb7 19. Bg2 g6 20. Kc2 Rab8 21. Rb1
Ba8 22. Rxb8 Rxb8 23. Bxf6 Nxf6 24. g5 hxg5 25. fxg5 Nd7 26. Ne4 Rb6 27. Nf6+
Nxf6 28. gxf6 Bb7 29. Re2 Kf8 30. h4 Bc8 31. Re7 Rb5 32. Be4 Rb7 33. Rxb7 Bxb7
34. Kd2 a5 35. Ke3 Bc8 36. Bg2 Bd7 37. Bf1 Bb5 38. Kf4 Kg8 39. Kg5 Kf8 40. Be2
Kg8 41. Kh6 Kh8 42. Bg4 Kg8 43. Bc8 Kh8 44. Bb7 Kg8 45. Bc6 Ba6 46. Kg5 Bc8 47.
Bb5 Bh3 48. Bxc4 Bg2 49. h5 gxh5 50. Kxh5 Bf3+ 51. Kh6 Be4 52. Kg5 Bg2 53. Kh6 1/2-1/2

[Event "ch-ISR 2016"]
[Site "Tiberias ISR"]
[Date "2016.12.11"]
[Round "7.8"]
[White "Bakalchuk, Johnatan"]
[Black "Chernomordik, Pavel"]
[Result "1-0"]
[WhiteTitle "FM"]
[BlackTitle "FM"]
[WhiteElo "2389"]
[BlackElo "2254"]
[WhiteFideId "2810301"]
[BlackFideId "2804530"]
[EventDate "2016.12.05"]

1. Nf3 g6 2. g3 Bg7 3. c4 e5 4. Nc3 Nc6 5. Bg2 d6 6. d3 h6 7. O-O Nge7 8. Rb1
Be6 9. b4 Qd7 10. b5 Nd8 11. Nd2 Bh3 12. Bxh3 Qxh3 13. Nd5 Ne6 14. Qa4 b6 15. e3
Nf5 16. Qd1 h5 17. Ne4 Ne7 18. Ndf6+ Bxf6 19. Nxf6+ Kf8 20. f4 Rd8 21. Rf3 g5
22. Bb2 g4 23. Qf1 Qxf1+ 24. Rfxf1 exf4 25. gxf4 Rh6 26. e4 c6 27. f5 Nc5 28.
Rbd1 cxb5 29. cxb5 d5 30. e5 Ng8 31. d4 Nxf6 32. dxc5 Ne4 33. c6 a6 34. a4 axb5
35. axb5 h4 36. Rf4 Nc5 37. Rfd4 Rh8 38. Rxd5 Rxd5 39. Rxd5 Ke7 40. Ba3 Ra8 41.
c7 1-0

[Event "ch-ISR 2016"]
[Site "Tiberias ISR"]
[Date "2016.12.11"]
[Round "7.9"]
[White "Steinberg, Nitzan"]
[Black "Gershkowich, David"]
[Result "1-0"]
[WhiteTitle "IM"]
[BlackTitle "FM"]
[WhiteElo "2476"]
[BlackElo "2191"]
[WhiteFideId "2801795"]
[BlackFideId "2803356"]
[EventDate "2016.12.05"]

1. e4 c5 2. Nf3 d6 3. d4 cxd4 4. Nxd4 Nf6 5. Nc3 g6 6. Be3 Bg7 7. f3 Nc6 8. Qd2
O-O 9. Bc4 Bd7 10. O-O-O Rc8 11. Be2 Ne5 12. g4 b5 13. Ncxb5 a6 14. Na3 Qc7 15.
h4 Qb7 16. Nb3 Be6 17. Kb1 Rc7 18. Bh6 Bxh6 19. Qxh6 Rb8 20. h5 a5 21. Nb5 Bc4
22. Bxc4 Rxc4 23. a4 Nxf3 24. Nxa5 Nxg4 25. Qc1 Qxe4 26. Nxc4 Qxc4 27. b3 Qe4
28. hxg6 fxg6 29. Rhf1 Rc8 30. Rd3 Nge5 31. Re3 Qf5 32. Rf2 Qg4 33. Qd1 Ng5 34.
Ree2 Kg7 35. Rg2 Qh5 36. Qd5 Ngf3 37. Nxd6 Rb8 38. Nc4 Qh1+ 39. Ka2 Nxc4 40.
Qxf3 Qh4 41. Qc3+ 1-0

[Event "ch-ISR 2016"]
[Site "Tiberias ISR"]
[Date "2016.12.11"]
[Round "7.10"]
[White "Mindlin, Alon"]
[Black "Gamayev, Oleg"]
[Result "1-0"]
[WhiteTitle "IM"]
[WhiteElo "2428"]
[BlackElo "2238"]
[WhiteFideId "2800071"]
[BlackFideId "2802813"]
[EventDate "2016.12.05"]

1. d4 d5 2. c4 c6 3. Nf3 Nf6 4. Nc3 dxc4 5. a4 Bg4 6. Ne5 Nbd7 7. Nxg4 Nxg4 8.
e4 e5 9. d5 Ngf6 10. dxc6 bxc6 11. Bxc4 Nb6 12. Qb3 Nxc4 13. Qxc4 Rc8 14. O-O
Qa5 15. Be3 Rc7 16. Rac1 a6 17. Rfd1 Rc8 18. Nd5 Nd7 19. Bd2 Qd8 20. Be3 Qa5 21.
Qd3 c5 22. Bg5 Rc6 23. b4 1-0

[Event "ch-ISR 2016"]
[Site "Tiberias ISR"]
[Date "2016.12.11"]
[Round "7.11"]
[White "Gruenfeld, Yehuda"]
[Black "Birnboim, Nathan"]
[Result "1/2-1/2"]
[WhiteTitle "GM"]
[BlackTitle "IM"]
[WhiteElo "2436"]
[BlackElo "2365"]
[WhiteFideId "2800020"]
[BlackFideId "2800209"]
[EventDate "2016.12.05"]

1. e4 c5 2. Nf3 Nc6 3. Nc3 e6 4. d4 cxd4 5. Nxd4 Nf6 6. Nxc6 bxc6 7. e5 Nd5 8.
Ne4 Qc7 9. f4 Qb6 10. c4 Bb4+ 11. Ke2 f5 12. Nf2 Bc5 13. Nd3 Ne3 14. Qb3 Nxf1
15. Rxf1 Bd4 16. Qxb6 axb6 17. Be3 Bxe3 18. Kxe3 c5 19. a4 Ra5 20. b4 cxb4 21.
Rfb1 Kd8 22. Rxb4 Kc7 23. Rc1 Ba6 24. c5 b5 25. c6 dxc6 26. Nc5 Kb6 27. axb5
Bxb5 28. Nxe6 g6 29. Nd4 c5 30. Rxb5+ Rxb5 31. Nxb5 Kxb5 32. Rb1+ Kc6 33. Rd1
Ra8 34. Rd6+ Kc7 35. h4 1/2-1/2

[Event "ch-ISR 2016"]
[Site "Tiberias ISR"]
[Date "2016.12.11"]
[Round "7.12"]
[White "Zanan, Evgeny"]
[Black "Parkhov, Yair"]
[Result "1/2-1/2"]
[WhiteTitle "FM"]
[WhiteElo "2434"]
[BlackElo "2207"]
[WhiteFideId "24101940"]
[BlackFideId "2813408"]
[EventDate "2016.12.05"]

1. d4 e6 2. c4 Nf6 3. Nf3 b6 4. g3 Bb4+ 5. Bd2 a5 6. Bg2 O-O 7. O-O Ba6 8. b3 d5
9. cxd5 exd5 10. Nc3 Re8 11. Re1 Nbd7 12. Qc2 Rc8 13. a3 Bd6 14. Qf5 c6 15. Bf4
Qe7 16. Bxd6 Qxd6 17. e3 h6 18. Nd2 Qe6 19. Qxe6 fxe6 20. b4 Bd3 21. bxa5 bxa5
22. Nb3 Ra8 23. Na4 Bb5 24. Nbc5 Kf7 25. Bh3 Ra7 26. f4 Nxc5 27. Nxc5 Nd7 28.
Rec1 Nxc5 29. Rxc5 Ba4 30. Rb1 Ke7 31. Kf2 Kd6 32. e4 dxe4 33. Ke3 Ree7 34. Kxe4
Reb7 35. Rxb7 Rxb7 36. Rxa5 Bb3 37. Ra8 Bd5+ 38. Kd3 Rb2 39. Rd8+ Ke7 40. Ra8
Rxh2 41. Bf1 Rf2 42. Be2 Rg2 43. g4 Rg3+ 44. Kd2 g5 45. fxg5 hxg5 46. a4 Bf3 47.
Bxf3 Rxf3 48. a5 Kd6 49. Rg8 Kd5 50. Rxg5+ Kxd4 51. Rg8 Rf2+ 52. Ke1 Ra2 53. Ra8
Ke3 54. Kd1 Rg2 55. Re8 Rxg4 56. Rxe6+ Kd3 57. Rd6+ Ke4 1/2-1/2

[Event "ch-ISR 2016"]
[Site "Tiberias ISR"]
[Date "2016.12.11"]
[Round "7.13"]
[White "Lovin, Boris"]
[Black "Aharon, Ofir"]
[Result "0-1"]
[BlackTitle "FM"]
[WhiteElo "2254"]
[BlackElo "2339"]
[WhiteFideId "2808064"]
[BlackFideId "2800683"]
[EventDate "2016.12.05"]

1. d4 Nf6 2. Nf3 g6 3. Bf4 Bg7 4. e3 O-O 5. h3 d6 6. Be2 Nbd7 7. O-O b6 8. Nbd2
Bb7 9. c3 Re8 10. Nc4 Ne4 11. Nfd2 e5 12. Bh2 Nxd2 13. Nxd2 f5 14. dxe5 dxe5 15.
Nf3 Qe7 16. Qa4 Nc5 17. Qa3 Kh8 18. Rad1 Qf7 19. Bb5 Re7 20. b4 Ne4 21. Nd2 Nd6
22. Be2 a5 23. b5 Bc8 24. Nc4 Nb7 25. Rd5 f4 26. exf4 exf4 27. Bf3 Be6 28. Re5
Rae8 29. Rfe1 Nc5 30. Bc6 Rd8 31. R5e2 Bxc4 0-1

[Event "ch-ISR 2016"]
[Site "Tiberias ISR"]
[Date "2016.12.11"]
[Round "7.14"]
[White "Frenkel, Ran"]
[Black "Taichman, Ori"]
[Result "1-0"]
[WhiteElo "2201"]
[BlackElo "2291"]
[WhiteFideId "2815974"]
[BlackFideId "2804069"]
[EventDate "2016.12.05"]

1. d4 Nf6 2. c4 g6 3. Nc3 Bg7 4. e4 d6 5. Be2 O-O 6. Nf3 e5 7. O-O Nc6 8. d5 Ne7
9. Ne1 Nd7 10. Be3 f5 11. f3 f4 12. Bf2 g5 13. Rc1 Rf6 14. Nd3 a6 15. c5 Rg6 16.
Qb3 Kh8 17. Na4 Qe8 18. Rc2 g4 19. fxg4 Nf6 20. cxd6 cxd6 21. Nb6 Bxg4 22. Bxg4
Nxg4 23. Nxa8 Nxh2 24. Kxh2 Rh6+ 25. Kg1 Qh5 26. Bb6 Bf6 27. Rf3 Qh1+ 28. Kf2
Rh2 29. Ke2 Qxg2+ 30. Nf2 Rh1 31. Kd2 Qf1 32. Nxh1 Qxh1 33. Qd3 a5 34. a4 Bh4
35. Qf1 Qh2+ 36. Kc3 1-0

[Event "ch-ISR 2016"]
[Site "Tiberias ISR"]
[Date "2016.12.11"]
[Round "7.15"]
[White "Kraus, Yair"]
[Black "Kraus, Ohad"]
[Result "0-1"]
[WhiteElo "2218"]
[BlackElo "2340"]
[WhiteFideId "2804786"]
[BlackFideId "2811812"]
[EventDate "2016.12.05"]

1. d4 Nf6 2. c4 g6 3. Nc3 Bg7 4. e4 d6 5. Be2 O-O 6. Nf3 e5 7. O-O Nc6 8. d5 Ne7
9. Ne1 Nd7 10. Nd3 f5 11. Bd2 f4 12. f3 g5 13. Rc1 Ng6 14. c5 Nf6 15. Nb5 Rf7
16. Ba5 b6 17. cxd6 cxd6 18. Be1 a6 19. Nc3 a5 20. Nb5 Bf8 21. a4 h5 22. Nf2 Rg7
23. h3 Nh4 24. Rc3 Ne8 25. Qc2 Bd7 26. Bd2 Nf6 27. Nc7 g4 28. hxg4 hxg4 29. Nxa8
gxf3 30. Bxf3 Qxa8 31. Nd3 Nxf3+ 32. Rxf3 Qe8 33. Ne1 Qh5 34. Rc7 Rh7 35. Kf2
Be7 36. Rfc3 Qh1 37. Ke2 Rg7 38. Kd1 Rxg2 39. Kc1 Rg1 40. b3 f3 0-1

[Event "ch-ISR 2016"]
[Site "Tiberias ISR"]
[Date "2016.12.12"]
[Round "8.1"]
[White "Nabaty, Tamir"]
[Black "Baron, Tal"]
[Result "1-0"]
[WhiteTitle "GM"]
[BlackTitle "GM"]
[WhiteElo "2649"]
[BlackElo "2536"]
[WhiteFideId "2809052"]
[BlackFideId "2809958"]
[EventDate "2016.12.05"]

1. d4 Nf6 2. c4 g6 3. f3 e6 4. e4 c5 5. Ne2 d5 6. e5 Nh5 7. Be3 Nc6 8. cxd5 exd5
9. dxc5 Nxe5 10. Nbc3 Bg7 11. Nd4 O-O 12. Qd2 Nc4 13. Bxc4 dxc4 14. O-O-O Qa5
15. g4 Nf6 16. Bh6 Rd8 17. Bxg7 Kxg7 18. h4 h6 19. Qf4 Qxc5 20. Rhe1 Nd5 21.
Qe5+ f6 22. Qe4 Nxc3 23. bxc3 Rd5 24. h5 gxh5 25. gxh5 Rxh5 26. Qe8 Qg5+ 27. Rd2
Qe5 28. Rg2+ 1-0

[Event "ch-ISR 2016"]
[Site "Tiberias ISR"]
[Date "2016.12.12"]
[Round "8.2"]
[White "Postny, Evgeny"]
[Black "Roiz, Michael"]
[Result "0-1"]
[WhiteTitle "GM"]
[BlackTitle "GM"]
[WhiteElo "2620"]
[BlackElo "2608"]
[WhiteFideId "2804344"]
[BlackFideId "2804158"]
[EventDate "2016.12.05"]

1. d4 Nf6 2. c4 e6 3. g3 Bb4+ 4. Bd2 Be7 5. Bg2 d5 6. Nf3 c6 7. Qc2 O-O 8. O-O
Nbd7 9. Rd1 b6 10. b3 a5 11. Bc3 Bb7 12. Nbd2 Qc7 13. e4 dxe4 14. Nxe4 c5 15.
Nxf6+ Bxf6 16. d5 exd5 17. cxd5 Rad8 18. Nh4 Bxh4 19. gxh4 Qf4 20. Rd3 Ne5 21.
Bxe5 Qxe5 22. Rad1 Qd6 23. Re3 Rfe8 24. Qe2 Rxe3 25. Qxe3 h6 26. Qg3 Bc8 27. Re1
Qxg3 28. hxg3 Kf8 29. f4 Re8 30. Rxe8+ Kxe8 31. d6 Bf5 32. Bc6+ Kd8 33. Kf2 Bd7
34. Be4 Bb5 35. Bd5 Be8 36. Bc4 b5 37. Bf1 Bc6 38. Bh3 Be4 39. Ke3 Bb1 40. a3 b4
41. axb4 axb4 42. Bf1 Kd7 43. Bc4 f6 44. Kd2 Kxd6 45. Kc1 Bf5 46. Kb2 Be4 47.
Ka2 g5 48. Kb2 gxh4 49. gxh4 Bf5 50. Ka2 Ke7 51. Kb2 Kf8 52. Be2 Kf7 53. h5 Be6
54. Kc2 Ke7 55. Kb2 Kd6 56. Ka2 Bf5 57. Bc4 Bg4 0-1

[Event "ch-ISR 2016"]
[Site "Tiberias ISR"]
[Date "2016.12.12"]
[Round "8.4"]
[White "Givon, Asaf"]
[Black "Reshef, Omer"]
[Result "0-1"]
[WhiteTitle "IM"]
[BlackTitle "IM"]
[WhiteElo "2471"]
[BlackElo "2435"]
[WhiteFideId "2801841"]
[BlackFideId "2804336"]
[EventDate "2016.12.05"]

1. e4 e5 2. Nf3 Nf6 3. Nxe5 d6 4. Nf3 Nxe4 5. c4 Nc6 6. d4 d5 7. a3 Be7 8. Nc3
Nxc3 9. bxc3 O-O 10. Bd3 dxc4 11. Bxc4 Bf5 12. O-O Bd6 13. Re1 Qd7 14. Be3 Rad8
15. a4 Na5 16. Ba2 Qc6 17. d5 Qd7 18. c4 b6 19. c5 Bxc5 20. Bxc5 bxc5 21. Ne5
Qd6 22. Qd2 Nc6 23. Nxc6 Qxc6 24. Rac1 Qxa4 25. Rxc5 Rfe8 26. h3 Qd7 27. Qa5 Qd6
28. Rxc7 h5 29. Rxa7 Qf4 0-1

[Event "ch-ISR 2016"]
[Site "Tiberias ISR"]
[Date "2016.12.12"]
[Round "8.5"]
[White "Dvoirys, Semen I."]
[Black "Soffer, Ram"]
[Result "1/2-1/2"]
[WhiteTitle "GM"]
[BlackTitle "GM"]
[WhiteElo "2534"]
[BlackElo "2488"]
[WhiteFideId "4100379"]
[BlackFideId "2800101"]
[EventDate "2016.12.05"]

1. e4 e5 2. Nf3 Nc6 3. Bb5 a6 4. Ba4 Nf6 5. O-O b5 6. Bb3 Bc5 7. c3 d6 8. d4 Bb6
9. a4 Rb8 10. axb5 axb5 11. Qd3 O-O 12. Bg5 exd4 13. cxd4 h6 14. Bh4 g5 15. e5
gxh4 16. Qg6+ Kh8 17. Qxh6+ Nh7 18. Bc2 f5 19. exf6 Rf7 20. Ng5 Qxf6 21. Nxf7+
Qxf7 22. Bxh7 Qxh7 23. Qf8+ Qg8 24. Qh6+ Qh7 25. Qf8+ Qg8 26. Qh6+ 1/2-1/2

[Event "ch-ISR 2016"]
[Site "Tiberias ISR"]
[Date "2016.12.12"]
[Round "8.6"]
[White "Mikhalevski, Victor"]
[Black "Bakalchuk, Johnatan"]
[Result "1-0"]
[WhiteTitle "GM"]
[BlackTitle "FM"]
[WhiteElo "2503"]
[BlackElo "2389"]
[WhiteFideId "2801914"]
[BlackFideId "2810301"]
[EventDate "2016.12.05"]

1. d4 Nf6 2. Nf3 g6 3. g3 Bg7 4. Bg2 O-O 5. O-O d6 6. b3 c5 7. Bb2 Ne4 8. Qc1
cxd4 9. Nxd4 d5 10. c4 Qb6 11. e3 Nc5 12. cxd5 Nd3 13. Qd2 Nxb2 14. Qxb2 Rd8 15.
Nc3 Bxd4 16. exd4 Qxd4 17. Rae1 Qf6 18. Re3 Bf5 19. d6 Nc6 20. Bxc6 bxc6 21.
dxe7 Re8 22. Qa3 Be6 23. Ne4 Qxe7 24. Qb2 Red8 25. Nf6+ 1-0